La Diputació a Internet [Fitxer informàtic] : Xarxa Telemàtica Provincial : guia ràpida : versió 3.0 Xarxa Telemàtica Provincial :
MARC
| LEADER | 00000nam a2200000Ia 4500 | ||
|---|---|---|---|
| 001 | 19818 | ||
| 008 | 160829s2000 xx 000 0 cat d | ||
| 080 | |a CD-1-91 | ||
| 110 | 1 | |a Barcelona (Catalunya : Província). |b Diputació |9 52408 | |
| 245 | |a La Diputació a Internet [Fitxer informàtic] : |b Xarxa Telemàtica Provincial : |b guia ràpida : |b versió 3.0 | ||
| 250 | |a Ed. no venal | ||
| 260 | |a Barcelona: |b la Diputació, |c 2000 | ||
| 300 | |a 1 disc òptic (CD-ROM) ; |c 12 cm | ||
| 590 | |a Requeriments tècnics: Procesador Pentium, 16 Mb de RAM, Monitor VGA (mínim 256 colors), CD-ROM, Microsoft Windows 95, Ratolí. | ||
| 590 | |a Inclou: fulletó (12 cm) amb instruccions per a la 'instal·lació d'Interent Explorer 5.0, Adobe Acrobat Reader 4.0, RealPlayer 7 Bàsic, Microsoft Outlook Express, Winzip 8.0, Manual XTP i actualitzacions de Microsoft Office 97, Microsoft Office 95, instal·lació accés telefònic a xarxa. | ||
| 650 | |a Barcelona. Diputació |x Programari |9 45559 | ||
| 901 | |a Arxiu | ||
| 942 | |n 1 | ||
| 952 | |0 0 |1 0 |4 0 |6 CD191 |7 1 |9 52671 |a Arxiu |b Arxiu |d 2016-12-01 |l 0 |o CD-1-91 |p 19818 |r 2016-12-01 00:00:00 |w 2016-12-01 |y ARXIU | ||
| 999 | |c 56520 |d 56520 | ||